Bekannte Airlines erraten - Statistiken

Allgemein
  • Dieses Quiz wurde 55 mal gespielt
  • Das Durchschnittsergebnis liegt bei 17 aus 46
Antwortstatistiken
Land Airline % Korrekt
Deutschland Lufthansa
91%
Frankreich Air France
81%
Vereinigte Arabische Emirate Emirates
79%
Irland Ryanair
67%
Schweiz Swiss
65%
Vereinigtes Königreich British Airways
60%
USA Delta Air Lines
58%
Finnland Finnair
56%
Türkei Turkish Airlines
56%
USA American Airlines
53%
Österreich Austrian Airlines
53%
Deutschland Eurowings
51%
China Air China
49%
Indien Air India
49%
Katar Qatar Airways
47%
Italien ITA Airways
44%
Niederlande KLM
44%
Südkorea Korean Air
44%
Australien Qantas
37%
Singapur Singapore Airlines
37%
Äthiopien Ethiopian Airlines
35%
Vereinigte Arabische Emirate Etihad Airways
35%
USA United Airlines
35%
Spanien Iberia
33%
Japan Japan Airlines
30%
USA Southwest Airlines
30%
Thailand Thai Airways
30%
Deutschland TUIfly
28%
Vereinigtes Königreich Easyjet
26%
China China Airlines
23%
Norwegen Norwegian Air
23%
Vietnam Vietnam Airlines
23%
Schweiz Edelweiss
21%
PolenBulgarien Ungarn Ukraine Wizz Air
21%
Island Icelandair
19%
Südkorea Asiana Airlines
16%
Taiwan EVA Air
16%
USA Jetblue
16%
Chile LATAM Airlines
16%
Türkei Sunexpress
16%
Vereinigtes Königreich Virgin Atlantic
16%
China China Southern Airlines
14%
Vereinigtes Königreich Jet2
14%
Bahrain Gulf Air
12%
Luxemburg Cargolux
2%
USA Atlas Air
0%
Keine übereinstimmenden Quizze gefunden
Verteilung der Resultate
Anzahl Personen mit jedem Resultat
Perzentil nach korrekt beantworteten Fragen
Ihre Resultats-Entwicklung
Sie haben dieses Quiz noch nicht gespielt